| 000 | 01036nam a22002897a 4500 | ||
|---|---|---|---|
| 003 | EG-ScBUE | ||
| 005 | 20220830110118.0 | ||
| 008 | 100414s2010 enkab f b 001 0 eng d | ||
| 020 | _a9780415553094 | ||
| 020 | _a0415553091 | ||
| 040 |
_aEG-ScBUE _beng _erda _cEG-ScBUE _dEG-ScBUE |
||
| 082 | 0 | 4 |
_2 22 _a711.40956 _bPLA |
| 245 | 0 | 0 |
_aPlanning Middle Eastern cities : _ban urban kaleidoscope in a globalizing world / _cedited by Yasser Elsheshtawy. |
| 264 | 1 |
_aLondon ; _aNew York : _bRoutledge, _c2010. |
|
| 300 |
_axii, 210 pages : _billustrations, maps ; _c25 cm. |
||
| 336 |
_2rdacontent _atext _btxt |
||
| 337 |
_2rdamedia _aunmediated _bn |
||
| 338 |
_2rdacarrier _avolume _bnc |
||
| 490 | 0 | _aPlanning, history and environment series | |
| 504 | _aIncludes bibliographical references and index. | ||
| 650 | 7 |
_aCity planning _xHistory _zMiddle East _y20th century. _2BUEsh _913494 |
|
| 651 | _2BUEsh | ||
| 653 | _bENGARC | ||
| 655 |
_vReading book _934232 |
||
| 700 | 1 |
_aElsheshtawy, Yasser, _eeditor. _913495 |
|
| 942 |
_2ddc _cBB |
||
| 999 |
_c13884 _d13884 |
||